000 00662nam a2200241Ia 4500
003 OSt
005 20220928124315.0
006 a|||||r|||| 00| 0
007 ta
008 220927b |||||||| |||| 00| 0 eng d
024 _a60677
037 _cTextual
040 _aSDCL
_cSDCL
_beng
041 _2eng
_aeng
082 _aD651:911, N8
100 _aOppenheim Alan V
245 0 _aDiscrete - time signal processing.
260 _aNew Delhi
_bPrentice Hall Of India
_c1998
300 _axv,879p.
_ccm.
700 _a Schafer Ronald W
942 _hD651:911, N8
_cTEXL
_2CC
999 _c777174
_d777174